| 000 | 01700cam a2200277 4500 | ||
|---|---|---|---|
| 001 | ABS67855 | ||
| 008 | 040602n2004 000 0 eng u | ||
| 035 | _a(Sirsi) u126360 | ||
| 100 | _aEdwards, M. | ||
| 245 | _aTenuous links can pay off | ||
| 260 | _c2004 | ||
| 490 |
_aEstates Gazette _v (0418) 1 May 2004, 98(1) |
||
| 520 | _aConsiders the challenging of planning permissions by third parties applying for judicial review in the light of "R v Environment Agency and others ex p Edwards" ([2004] EWHC 736 (Admin), unreported). Historically, courts tried to limit the ability of objectors to bring applications for judicial review by restrictively interpreting the rules as to locus but recently judges have favoured a more liberal interpretation that makes even tenuous links between a development and a third party sufficient for locus and the securing of public funding. In "Edwards", the standing of the claimant (E) was disputed by the respondent and the judge inferred that E had been put up as a claimant to secure public funding The claim was allowed to proceed because the claimant had been affected by the respondent's issue of a permit and nothing prevented him from having a sufficient interest in bringing the claim and gaining access to public funding. | ||
| 590 | _aABS | ||
| 590 | _aABS | ||
| 650 | _aFUNDING | ||
| 650 | _aENVIRONMENTAL PROTECTION ACT 1990 PART I | ||
| 650 | _aR V RICHMOND LBC AND ANOTHER EX P JC | ||
| 650 | _aR V ENVIRONMENT AGENCY AND OTHERS EX P EDWARDS | ||
| 650 | _aJUDICIAL REVIEW | ||
| 650 | _aPLANNING PERMISSION | ||
| 650 | _aTHIRD PARTY RIGHT OF APPEAL | ||
| 690 | _aPLANNING-PLANNING LAW | ||
| 700 | _aMartin, J. | ||
| 942 | _n0 | ||
| 999 |
_c117438 _d117438 |
||